000
00496nam a2200181Ia 4500
008
090711s9999 xx 000 0 und d
082
_b
17608
100
_a
दास देवेश
245
_a
रक्तराग
260
_c
1965
300
_a
270
600
_a
दास देवेश
630
_a
रक्तराग
700
_a
दास देवेश
700
_a
शास्त्री शंकर बा.
730
_a
रक्तराग
942
_c
BOOK
999
_c
296072
_d
296072